000 00285nam a2200133Ia 4500
100 _aSchwabl/Framy
942 _cBK
654 _aquantum
245 _aQuantum mechanics
260 _bNarosa Pub House
_aSingapore
_c1992
082 _a530.12
_bSCH
300 _a407
546 _aENGLISH
999 _c34771
_d34771